000 00633nam a2200277Ia 4500
005 20260324114851.0
008 008 260324s9999 xx 000 0 eng d
020 _a9781003127437
037 _aEBOOK
040 _aCRL
040 _beng
040 _cCRL
041 _2eng
041 _aeng
084 _qCRL
100 _aLin Geng
_91152462
245 2 _aA Comprehensive Study of Tang Poetry
260 _bTaylor and Francis
260 _c2021
365 _a
365 _b480
856 _uhttp://www.taylorfrancis.com/books/9781003127437
942 _cEBOOK
999 _c1742900
_d1742900